| 000 | 00632nam a2200229Ia 4500 | ||
|---|---|---|---|
| 003 | OSt | ||
| 005 | 20220924114555.0 | ||
| 006 | a|||||r|||| 00| 0 | ||
| 007 | ta | ||
| 008 | 220923b |||||||| |||| 00| 0 san d | ||
| 024 | _a13647 | ||
| 037 | _cTextual | ||
| 040 |
_aARTS _cARTS _bsan |
||
| 041 |
_2san _asan |
||
| 082 | _a/\25x2:1, 15G5.1 | ||
| 245 | 0 | _aSandilya samhita ed by Gopinath Kaviraj | |
| 260 |
_aBenares _bThe Eureka Printing India _c1935 |
||
| 490 | _aSaraswati bhavana texts; 60 | ||
| 650 |
_aSPIRurdALISM _9174329 |
||
| 942 |
_h/\25x2:1, 15G5.1 _cTEXL _2CC |
||
| 999 |
_c394271 _d394271 |
||